[Event "Leiden SB-ch"]
[Site "Leiden"]
[Date "2003.07.01"]
[Round "7"]
[White "Derksen, Rick"]
[Black "Bon, Peter"]
[Result "1-0"]
[WhiteElo "1879"]
[BlackElo "1712"]
[PlyCount "77"]
[EventDate "2003.05.20"]
[EventType "swiss"]
[EventRounds "7"]
[EventCountry "NED"]
[SourceTitle "CBM 095 Extra"]
[Source "ChessBase"]
[SourceDate "2003.09.04"]
[SourceVersion "1"]
[SourceVersionDate "2003.09.04"]
[SourceQuality "1"]

1. d4 Nf6 2. Nf3 e6 3. Bg5 Be7 4. e3 0-0 5. Bd3 d5 6. Nbd2 Nbd7 7. 0-0 c5 8. c3 b6 9. Qa4 Qc7 10. Ne5 Nxe5 11. dxe5 Qxe5 12. Nf3 Qc7 13. Rad1 c4 14. Bb1 b5 15. Qc2 Ne4 16. Bf4 Bd6 17. Bxd6 Qxd6 18. Qxe4 dxe4 19. Rxd6 exf3 20. gxf3 Bb7 21. Kg2 Rfd8 22. Rfd1 Rxd6 23. Rxd6 g6 24. Rd7 Rb8 25. Kg3 a6 26. Kf4 Kg7 27. Bc2 Kf6 28. Rd6 Ra8 29. Rd7 e5+ 30. Kg3 Rb8 31. Rd6+ Ke7 32. Rb6 Kd7 33. Be4 Kc7 34. Rf6 Rf8 35. Kh4 Bc8 36. Bd5 Bb7 37. Rxf7+ Rxf7 38. Bxf7 Bxf3 39. Kg5 1-0

[Event "Leiden SB-ch"]
[Site "Leiden"]
[Date "2003.06.17"]
[Round "5"]
[White "Derksen, Rick"]
[Black "Bakker, Sven"]
[Result "1/2-1/2"]
[WhiteElo "1879"]
[BlackElo "2243"]
[PlyCount "93"]
[EventDate "2003.05.20"]
[EventType "swiss"]
[EventRounds "7"]
[EventCountry "NED"]
[SourceTitle "CBM 095 Extra"]
[Source "ChessBase"]
[SourceDate "2003.09.04"]
[SourceVersion "1"]
[SourceVersionDate "2003.09.04"]
[SourceQuality "1"]

1. d4 Nf6 2. c4 e6 3. g3 c5 4. Nf3 cxd4 5. Nxd4 Nc6 6. Bg2 Bb4+ 7. Nc3 Qa5 8. 0-0 Bxc3 9. Nxc6 bxc6 10. bxc3 0-0 11. Qd4 Ba6 12. e4 d5 13. exd5 cxd5 14. Bf4 Rfc8 15. Rfb1 Rxc4 16. Qe5 Nd7 17. Qd6 Nb6 18. Bf1 Rxc3 19. Bd2 Qa3 20. Qe5 Rf3 21. Rb3 Nd7 22. Rxa3 Nxe5 23. Rxa6 Rf5 24. Be2 d4 25. Rc1 d3 26. Rxa7 Rb8 27. Rac7 h5 28. Rc8+ Rxc8 29. Rxc8+ Kh7 30. Bd1 Nd7 31. Be3 Ra5 32. Rc3 Ne5 33. Bf4 Ng6 34. Rxd3 Nxf4 35. gxf4 Rxa2 36. Bxh5 g6 37. Bd1 Rb2 38. Kg2 Kg7 39. Kg3 Kf6 40. Bf3 Rb1 41. h4 Rb5 42. Rd7 Ra5 43. Rb7 Rc5 44. Rb6 Ra5 45. Rb7 Rc5 46. Rb6 Ra5 47. Rb7 1/2-1/2

[Event "Leiden SB-ch"]
[Site "Leiden"]
[Date "2003.06.03"]
[Round "3"]
[White "Derksen, Rick"]
[Black "Termeulen, Albert"]
[Result "0-1"]
[WhiteElo "1879"]
[BlackElo "2115"]
[PlyCount "93"]
[EventDate "2003.05.20"]
[EventType "swiss"]
[EventRounds "7"]
[EventCountry "NED"]
[SourceTitle "CBM 095 Extra"]
[Source "ChessBase"]
[SourceDate "2003.09.04"]
[SourceVersion "1"]
[SourceVersionDate "2003.09.04"]
[SourceQuality "1"]

1. c4 Nf6 2. Nc3 g6 3. g3 Bg7 4. Bg2 0-0 5. e4 d6 6. Nge2 c6 7. 0-0 e5 8. h3 Nbd7 9. d3 Nc5 10. Be3 b5 11. cxb5 cxb5 12. d4 exd4 13. Bxd4 Ncd7 14. Bxf6 Qxf6 15. e5 Nxe5 16. Bxa8 Bxh3 17. Bg2 Bxg2 18. Kxg2 b4 19. Nd5 Qf3+ 20. Kg1 Qe4 21. Nef4 Nf3+ 22. Kh1 Bxb2 23. Qd3 Qxd3 24. Nxd3 Bxa1 25. Rxa1 a5 26. Rc1 Rb8 27. Rc6 b3 28. axb3 Rxb3 29. N3f4 h5 30. Kg2 h4 31. Rc3 Ne1+ 32. Kh3 Rb2 33. Kxh4 Rxf2 34. Ra3 Kg7 35. Rxa5 Kh6 36. Nxg6 fxg6 37. Ne3 Nf3+ 38. Kg4 Ne5+ 39. Kh3 Kh5 40. g4+ Kg5 41. Nc4 Rf3+ 42. Kg2 Kf4 43. Nxd6 Rg3+ 44. Kf1 Rd3 45. Ra4+ Kf3 46. Re4 Rxd6 47. Ke1 0-1